Seven Letter Words A-Z #2 - Statistics

General Stats
  • This quiz has been taken 60 times
  • The average score is 17 of 26
Answer Stats
letter definition word % Correct
D basement in a castle dungeon
96%
Q four musicians playing together quartet
94%
A naval rank admiral
93%
C travel to work commute
89%
S family name surname
87%
L to secrete milk lactate
83%
M disease causing many red spots measles
83%
O personal view or belief opinion
81%
K tomato sauce alternative ketchup
78%
R lessened, made smaller reduced
78%
P umpires award one if the rules are broken penalty
74%
G connoisseur of fine food gourmet
72%
J travel from one place to another journey
72%
Y sour-ish food made from fermented milk yoghurt
72%
B nomadic Arab Bedouin
70%
F fake copy of artwork forgery
65%
N where tree seedlings are cultivated nursery
65%
Z passionate, ardent zealous
63%
H hillbilly dance party hoedown
57%
E the shape of Earth's orbit ellipse
56%
W make feeble sounds expressive of fear or pain whimper
56%
U unlike a grand, this piano has vertical strings upright
54%
I stalemate impasse
39%
V multi-span bridge viaduct
26%
T Middle-eastern dish with parsley and tomatoes tabouli
17%
X sword-shaped {xiph}oid
6%
No matching quizzes found
Score Distribution
Percent of People with Each Score
Percentile by Number Answered
Your Score History
You have not taken this quiz